| 000 | nam a22 a 4500 | ||
|---|---|---|---|
| 999 |
_c401431 _d401431 |
||
| 003 | BLK | ||
| 005 | 20210329124823.0 | ||
| 008 | 210322b bu ||||| |||| 00| 0 bu d | ||
| 040 | _aBLK | ||
| 041 |
_aBUL _cBUL |
||
| 080 |
_aОбщо образование - Същност на общото образование, политехническо образование _b37.031 _z37.031 |
||
| 100 |
_91299 _aКарвев, Н. _eпърви автор |
||
| 139 | _aКарвев, Н. | ||
| 245 |
_aЩо се нарича общо образование? _cН.Карвев. |
||
| 260 |
_aДобрич _bб.изд. _c1898 _fДобрич: Печ.Добруджа |
||
| 300 |
_a49 с. _c20 см |
||
| 380 | _a3 | ||
| 700 |
_9966 _aТончева, Б В. _eпрев. |
||
| 852 |
_aЦб Рб 898 _bЦб |
||
| 942 |
_cKNG _n0 _s1 |
||
| 944 |
_aCR _c2021-03-22 _kА.М. |
||
| 999 | _d401431 | ||